| 000 | 00726nam a2200217 a 4500 | ||
|---|---|---|---|
| 001 | 000036618 | ||
| 005 | 20240422201211.0 | ||
| 008 | 120123s2004 dr 000 0 spa d | ||
| 040 |
_aDO-SdBNP _bspa _cBNPHU |
||
| 082 |
_a345.05 _bG643i |
||
| 100 | 1 |
_aGonzález Pérez, Ramón Horacio, _d1949- _962910 |
|
| 245 | 1 | 3 |
_aLos incidentes en materia penal / _cRamón Horacio González Pérez. |
| 260 |
_aSanto Domingo : _bOffset & Encuadernaciones, _c2004. |
||
| 300 |
_a141 p. ; _c23 cm. |
||
| 504 | _aBibliografía: p.139-141. | ||
| 590 | _aInventariado,2018/DG | ||
| 650 | 0 |
_aProcedimiento penal _9554 |
|
| 650 | 0 |
_aDerecho penal _917405 |
|
| 650 | 4 |
_aIncidentes procesales _962911 |
|
| 910 | _aValidado. Control de calidad EMS | ||
| 999 |
_c36109 _d36109 |
||